000 00508nam a2200193Ia 4500
005 20260429112052.0
008 260429s9999||||xx |||||||||||||| ||und||
020 _a9781836597698
041 _aEnglish
082 _a910.285
_bROD
100 _aRodriguez, Garrett
245 0 _aRemote sensing geography /
_cGarrett Rodriguez
250 _a1st ed.
260 _aNew Delhi :
_bETP ED- Tech Press,
_c2026.
300 _aix, 237 p.; hb
650 _a Geography
650 _aRemote sensing
942 _cTB
999 _c52186
_d52186